00173 a2200073 450000100060000010000200000624500380002626000350006412662 aRiaz Ahmad syed aForeign office: Year Book 2004-05 abMinistry of Foreign Affairc